Vytvorenie databázy nástrojov a nástrojových držiakov v softvéri Powermill

Enregistré dans:
Détails bibliographiques
Auteur principal: Jankových, Richard (Auteur)
Autres auteurs: Šimna, Vladimír (Directeur de thèse)
Format: Manuscrit Livre
Langue:slovaque
Publié: 2024
Sujets:
Accès en ligne:http://is.stuba.sk/zp/portal_zp.pl?podrobnosti=174103
Tags: Ajouter un tag
Pas de tags, Soyez le premier à ajouter un tag!

MARC

LEADER 00000ntm a22000003a 4500
001 stuzp98374
003 SK-STU
005 20240629212015.1
007 ta
008 150427s2015----xo-----f-mn---000-0-slo-d
040 |a STU  |b slo 
041 0 |a slo 
100 1 |a Jankových, Richard  |u 063000  |4 aut  |U MTF Materiálovotechnologická fakulta  |T MTF Ústav výrobných technológií  |X 116384  |U M3000  |Y 83  |7 116384 
242 0 1 |a Creating a cutting tools database and tool holders in the Powermill software  |y eng 
245 1 0 |a Vytvorenie databázy nástrojov a nástrojových držiakov v softvéri Powermill 
260 |c 2024 
650 4 |a CAM  |2 slo 
650 4 |a nástrojový držiak  |2 slo 
650 4 |a PowerMill  |2 slo 
650 4 |a nástroj  |2 slo 
650 4 |a CAM  |2 eng 
650 4 |a PowerMill  |2 eng 
650 4 |a tool  |2 eng 
650 4 |a tool holder  |2 eng 
700 1 |a Šimna, Vladimír  |u 063200  |k Z1  |4 ths  |U MTF Ústav výrobných technológií  |T MTF Katedra obrábania a počítačovej podpory technológií  |X 30333  |U M3200  |Y 164  |7 A000030333 
856 4 |u http://is.stuba.sk/zp/portal_zp.pl?podrobnosti=174103 
996 |c M* BP-9767  |l MMSKP  |s P  |a 0  |w stuzp98374_0001